000 00268nam a22001217a 4500
020 _a81-237-3980-X
082 _a001
_bRAZ/M
100 _aRAZEGHPANAH, VIOLET
245 _aMIR SPACE STATION
260 _aDELHI
_bNATIONAL BOOK TRUST
650 _aGK
_zDELHI
942 _cBK
999 _c6346
_d6346